Kolory heksadecymalne - Statystyki

Ogólne statystyki
  • Ten quiz został rozwiązany 87 razy
  • Średni wynik to 5 z 15
Statystyki odpowiedzi
Kod Kolor % Poprawnych
000000 czarny
100%
ffffff biały
65%
0000ff niebieski
52%
ff0000 czerwony
37%
008000 zielony / ciemnozielony
37%
ffff00 żółty
35%
777777 szary
33%
00ff00 zielony / limonka
33%
ff6a00 pomarańczowy
26%
964b00 brązowy
23%
ff7f7f różowy
22%
b803ff fioletowy
21%
00ffff cyjan
9%
ff00ff fuksja / magenta
9%
b200b2 purpurowy
1%
Nie znaleziono quizów pasujących do podanych kryteriów
Rozkład punktacji
Procent ludzi z każdym wynikiem
Percentyl według liczby udzielonych odpowiedzi
Twoja historia wyników
Nie rozwiązałeś tego quizu